00353nam a2200145Ia 4500008004100000020001800041082001300059100001700072245003000089250000800119260002500127300001100152500002600163650001800189230524s9999 xx 000 0 und d a9780070634299 a628bKIE aGerard Kiely 0aEnvironmental Engineering a1ST aNEW DELHIbTMHc2006 aXI;879 aQuantity Number: 215 aEnvironmental